[Event "Ulaanbaatar Mica op 2nd"]
[Site "Ulaanbaatar"]
[Date "2022.03.25"]
[Round "5"]
[White "Jannur, Kupjasar"]
[Black "Bayasgalan, Khishigbaatar"]
[Result "0-1"]
[WhiteElo "1517"]
[BlackElo "1640"]
[PlyCount "48"]
[EventDate "2022.03.23"]
[EventType "swiss"]
[EventRounds "9"]
[EventCountry "MGL"]
[SourceTitle "CBM 207 Extra"]
[Source "ChessBase"]
[SourceDate "2022.05.31"]
[SourceVersion "1"]
[SourceVersionDate "2022.05.31"]
[SourceQuality "1"]

1. e4 c5 2. Nf3 e6 3. d4 cxd4 4. Nxd4 Nc6 5. Nc3 Qc7 6. Be3 Nf6 7. Be2 a6 8. a4 Bb4 9. Qd3 Ne5 10. Qd1 Bxc3+ 11. bxc3 Qxc3+ 12. Kf1 Nxe4 13. Rb1 Nc4 14. Bxc4 Qxc4+ 15. Kg1 Nc3 16. Qe1 Nxb1 17. Qxb1 0-0 18. h4 f5 19. Nf3 b5 20. Qd1 Bb7 21. Ng5 h6 22. Qxd7 Qd5 23. Qxe6+ Kh8 24. Qxd5 Bxd5 0-1

[Event "Cappelle Online Blitz op"]
[Site "Europe Echecs INT"]
[Date "2022.01.09"]
[Round "1"]
[White "Razafindratsima, Timothe"]
[Black "Jannur, Kupjasar"]
[Result "1-0"]
[WhiteElo "2376"]
[BlackElo "1517"]
[PlyCount "31"]
[EventDate "2022.01.09"]
[EventType "swiss (blitz)"]
[EventRounds "11"]
[EventCountry "FRA"]
[SourceTitle "EXT 2023"]
[Source "ChessBase"]
[SourceDate "2022.10.05"]
[SourceVersion "1"]
[SourceVersionDate "2022.10.05"]
[SourceQuality "1"]

1. e4 c5 2. Nf3 d6 3. d4 cxd4 4. Nxd4 Nf6 5. Nc3 a6 6. Bg5 e6 7. f4 Qb6 8. Nb3 h6 9. Bxf6 g6 10. Bxh8 Qe3+ 11. Qe2 Qxf4 12. g3 Qg5 13. Bg2 Nc6 14. 0-0 Bd7 15. Bf6 Qh5 16. g4 1-0